| 000 | 00978nam a2200277 4500 | ||
|---|---|---|---|
| 001 | 177260 | ||
| 003 | ES-MaACL | ||
| 005 | 20250730050444.0 | ||
| 008 | 110310s2009 sp aco |||| |bspa d | ||
| 017 | _aSE 4477-2009 | ||
| 020 | _a9788496824515 | ||
| 080 | _a929 Domínguez Ortiz, Antonio | ||
| 100 | 1 |
_aMoreno Alonso, Manuel. _983321 |
|
| 245 | 1 | 3 |
_aEl mundo de un historiador _b: Antonio Domínguez Ortiz / _cManuel Moreno Alonso. |
| 250 | _a1ª ed. | ||
| 260 |
_aSevilla : _bFundación José Manuel Lara, _c2009. |
||
| 300 |
_a445 p., [8] p. de lám. fot. ; _c24 cm. |
||
| 500 | _aÍndice onomástico. | ||
| 586 | _aPremio Antonio Domínguez Ortiz de Biografías 2009 | ||
| 600 | 1 | 4 |
_aDomínguez Ortiz, Antonio, _d1909-2003 _945233 |
| 710 | 2 |
_aFundación José Manuel Lara. _94344 |
|
| 852 |
_aES-MaACL _9184077 _bR.145587 _jA-11023 _dOlim: N-4028 _cDEPO1 |
||
| 942 |
_2udc _cMONOGRAFIA |
||
| 999 |
_c177260 _d177260 |
||